America's sewing book. (Запис № 468264)
[ простий вигляд ]
| 000 -LEADER | |
|---|---|
| fixed length control field | 01470cam a2200361 4500 |
| 001 - CONTROL NUMBER | |
| control field | americassewingbo00leys |
| 003 - CONTROL NUMBER IDENTIFIER | |
| control field | CaSfIA |
| 005 - DATE AND TIME OF LATEST TRANSACTION | |
| control field | 20210117183810.0 |
| 007 - PHYSICAL DESCRIPTION FIXED FIELD--GENERAL INFORMATION | |
| fixed length control field | cr|||| |
| 008 - FIXED-LENGTH DATA ELEMENTS--GENERAL INFORMATION | |
| fixed length control field | 721204s1972 nyua 001 0 eng |
| 010 ## - LIBRARY OF CONGRESS CONTROL NUMBER | |
| LC control number | 72001207 |
| 040 ## - CATALOGING SOURCE | |
| Original cataloging agency | DLC |
| Transcribing agency | DLC |
| Modifying agency | OCLCQ |
| -- | BAKER |
| -- | BTCTA |
| -- | AU@ |
| -- | CaSfIA |
| 020 ## - INTERNATIONAL STANDARD BOOK NUMBER | |
| International Standard Book Number | 0684129736 |
| 020 ## - INTERNATIONAL STANDARD BOOK NUMBER | |
| International Standard Book Number | 9780684129730 |
| 035 ## - SYSTEM CONTROL NUMBER | |
| System control number | (OCoLC)524027 |
| 043 ## - GEOGRAPHIC AREA CODE | |
| Geographic area code | n-us--- |
| 050 00 - LIBRARY OF CONGRESS CALL NUMBER | |
| Classification number | TT705 |
| Item number | .L47 |
| 082 #4 - DEWEY DECIMAL CLASSIFICATION NUMBER | |
| Classification number | 646.2 |
| 029 1# - (OCLC) | |
| OCLC library identifier | NZ1 |
| System control number | 2652975 |
| 029 1# - (OCLC) | |
| OCLC library identifier | AU@ |
| System control number | 000000569222 |
| 100 1# - MAIN ENTRY--PERSONAL NAME | |
| Personal name | Ley, Sandra. |
| 245 10 - TITLE STATEMENT | |
| Title | America's sewing book. |
| Medium | [electronic resource] |
| Statement of responsibility, etc | Drawings by Olga Ley. |
| 260 ## - PUBLICATION, DISTRIBUTION, ETC. (IMPRINT) | |
| Place of publication, distribution, etc | New York, |
| Name of publisher, distributor, etc | Scribner |
| Date of publication, distribution, etc | [1972] |
| 300 ## - PHYSICAL DESCRIPTION | |
| Extent | 416 p. |
| Other physical details | illus. |
| Dimensions | 24 cm. |
| 506 ## - RESTRICTIONS ON ACCESS NOTE | |
| Standardized terminology for access restriction | Необхідна авторизація на https://archive.org/ (створення облікового запису безкоштовно) |
| 506 ## - RESTRICTIONS ON ACCESS NOTE | |
| Standardized terminology for access restriction | Необхідна авторизація на https://openlibrary.org/ (створення облікового запису безкоштовно) |
| 650 #0 - SUBJECT ADDED ENTRY--TOPICAL TERM | |
| Topical term or geographic name as entry element | Sewing. |
| 650 #0 - SUBJECT ADDED ENTRY--TOPICAL TERM | |
| Topical term or geographic name as entry element | Dressmaking |
| Geographic subdivision | United States. |
| 856 41 - ELECTRONIC LOCATION AND ACCESS | |
| Uniform Resource Identifier | <a href="http://www.archive.org/details/americassewingbo00leys">http://www.archive.org/details/americassewingbo00leys</a> |
| Public note | Free eBook from the Internet Archive |
| 856 42 - ELECTRONIC LOCATION AND ACCESS | |
| Uniform Resource Identifier | <a href="http://www.openlibrary.org/books/OL5282864M">http://www.openlibrary.org/books/OL5282864M</a> |
| Public note | Additional information and access via Open Library |
| 942 ## - ADDED ENTRY ELEMENTS (KOHA) | |
| Koha item type | ЕКнига |
Немає доступних примірників.